000 02111nam a2200325 4500
003 EC-UNACH
005 20250925113421.0
006 s||||gr|||| 00| 00
008 150116t9999 mx r gr 000 0 spa d
040 _aEC-UNACH
_cEC-UNACH
041 _aspa
082 0 4 _223
_a610.73
_bL000842
245 _aManual de enfermería Zamora
250 _aSegunda edición
264 _aBogotá - Colombia
_bZamora editores
_cSin fecha
300 _a1168 páginas
_bImágenes, cuadros
505 _aÍndice general -- 1. Proceso de atención de enfermería -- 2. Diagnostico técnicas y tratamiento --3. Enfermería médico-quirúrgica -- 4. Sistema cardiovascular -- 5. Sangre -- 6. Dermatología --7. Sistema digestivo --8. Salud mental -- 9. Neurología --10. Ginecología -- 11. Sistema musculoesquelético --12. Sistema respiratorio -- 13. Pediatría -- 14. Oftalmología y otorrinolaringología -- 15. Atención materno perinatal -- 16. Planificación familiar -- 17. Adaptaciones del embarazo y desarrollo fetal -- 18. Aspectos nutricionales del embarazo y el puerperio -- 19. Valoración de enfermería de la embarazada -- 20. Valoración y cuidados de enfermería del neonato normal y el de alto riesgo -- 21. Farmacología y farmacoterapia -- 22. Antibióticos -- 23 Fármacos para cardiovascular -- 24. Fármacos para sistema digestivo -- 25. Fármacos para sistema endocrino -- 26. Fármacos para sistema musculoesquelético -- 27. Fármacos para sistema nervioso -- 28. Fármacos para sistema respiratorio -- 29. Posiciones del enfermo -- 30. Diagnóstico de enfermería -- 31. Geriatría -- 32. Atención prehospitalaria -- 33. Enfermería comunitaria -- 34. Clases de catéteres -- 35. Anatómico.
650 _aSISTEMA CARDIOVASCULAR
650 _aOFTALMOLOGÍA
650 _a OTORRINOLARINGOLOGÍA
650 _aANTIBIÓTICOS
700 _aLozada, Nuria
700 _aRíos, Mélida
700 _aGarcía, Angela
700 _aSantana, Carlos
942 _2ddc
_c1
999 _c13901